000 00626nam a2200193Ia 4500
003 GCL
008 140319s9999 xx 000 0 ara d
040 _aGCL /
_cGCL
082 0 4 _a635.9
_bف ت
100 1 _aبرووس، فيليب ماكميلان
245 1 0 _aتكاثر نباتات الزينة /
_cبرووس، فيليب ماكميلان
300 _a229 ص
490 _aالهيئة العامة للاستعلامات
_v0
650 0 4 _aالنباتات
650 0 4 _aنباتات الزينة
650 0 4 _aالنباتات المتسلقة
650 0 4 _aالنباتات المنزلية
942 _2ddc
_cBK
999 _c47970
_d47970